Normal view
MARC view
Entry Personal Name
001 - CONTROL NUMBER
- control field: 211
003 - CONTROL NUMBER IDENTIFIER
- control field: BD-RjUL
005 - DATE AND TIME OF LATEST TRANSACTION
- control field: 20211215162055.0
008 - FIXED-LENGTH DATA ELEMENTS
- fixed length control field: 211215|| aca||aabn | a|a d
040 ## - CATALOGING SOURCE
- Original cataloging agency: BD-RjUL
- Transcribing agency: BD-RjUL
100 ## - HEADING--PERSONAL NAME
- Personal name: হক, সৈয়দ শামসুল
670 ## - SOURCE DATA FOUND
- Source citation: Work cat.: (BD-RjUL)79007: হক, সৈয়দ শামসুল , বঙ্গবন্ধুর সমাধিতে /, ২০১৯